000 01621cam a22002174a 4500
005 20250605164001.0
008 250528s ||||||||||||||||||||||||d
035 _a15625
020 _a63121092
040 _aGR-AtMCL
_bgre
_dGR-AtMCL
_eAACR2
245 1 _aGlobal Corporate Finance / Text and Cases
250 _a4th
260 _bBlackwell Publishing,
_c1999
300 _a636
520 _aThis book introduces students to principles essential to understanding global financial problems and multinational problem-solving policies and techniques. Preface, Acknowledgements, The Global Financial Environment, Introduction, Motives for World Trade and Foreign Investment, The Balance of Payments, The International Monetary System, Foreign Exchange Risk Management, An Overview of the Foreign Exchange Market, Currency Futures and Options, Financial Swaps, Exchange-Rate Forecasting, Foreign Exchange Risk Management, Financing International Transactions, International Financial Markets, International Banking Operations and Country, Financing Foreign Trade, Financing Foreign Investment, Global Asset Management, Current Asset Management, International Portfolio Investment, Foreign Direct Investment Strategy, Multinational Capital Expenditure Analysis, The Cost of Capital for Foreign Projects, Political Risk Management, Global Reporting and Controlling, Multinational Accounting, International Taxation, International Transfer Pricing, Comprehensive Cases in Global Finance, Glossary.
700 1 _aKim Seung H
_91591
700 1 _aKim Suk H
_91592
942 _cBK
999 _c1193
_d1193